[Event "Laval XX"]
[Site "Laval CAN"]
[Date "2003.04.13"]
[Round "5"]
[White "Lacroix, Serge"]
[Black "Miron, Francois"]
[Result "1-0"]
[WhiteElo "1985"]
[BlackElo "2078"]
[PlyCount "59"]
[EventDate "2003.04.11"]
[EventType "swiss"]
[EventRounds "5"]
[EventCountry "CAN"]

1. e4 c5 2. Nf3 Nc6 3. d4 cxd4 4. Nxd4 Nf6 5. Nc3 e5 6. Ndb5 d6 7. Bg5 a6 8.
Bxf6 gxf6 9. Na3 b5 10. Nd5 f5 11. exf5 Bxf5 12. c3 Bg7 13. Nc2 O-O 14. Nce3
Bg6 15. g4 Rb8 16. a3 Ne7 17. Bg2 f5 18. Nxe7+ Qxe7 19. gxf5 Bxf5 20. Nxf5 Rxf5
21. Qd5+ Kh8 22. Be4 Rf4 23. f3 Qg5 24. Kf2 Rbf8 25. Rag1 Qf6 26. Rg3 Qh4 27.
Ke2 R4f7 28. Kd3 Bh6 29. Rhg1 Bf4 30. Qxf7 1-0

[Event "Mauricie op"]
[Site "Shawinigan CAN"]
[Date "2003.03.22"]
[Round "2"]
[White "Lacroix, Serge"]
[Black "Campbell, Martin-Alexandre"]
[Result "1-0"]
[WhiteElo "1981"]
[BlackElo "1448"]
[PlyCount "31"]
[EventDate "2003.03.21"]
[EventType "swiss"]
[EventRounds "5"]
[EventCountry "CAN"]

1. e4 c5 2. Nf3 Nc6 3. d4 cxd4 4. Nxd4 g6 5. Nc3 Bg7 6. Be3 d6 7. Qd2 Bd7 8. f3
a6 9. Bc4 Qc7 10. Bb3 b5 11. O-O-O e6 12. Nxc6 Qxc6 13. Qxd6 Qxd6 14. Rxd6 Ne7
15. Bg5 b4 16. Na4 1-0

[Event "Mauricie op U2000"]
[Site "Shawinigan CAN"]
[Date "2003.03.23"]
[Round "4"]
[White "Lacroix, Serge"]
[Black "Petit, Raymond"]
[Result "1-0"]
[WhiteElo "1981"]
[BlackElo "1765"]
[PlyCount "119"]
[EventDate "2003.03.21"]
[EventType "swiss"]
[EventRounds "5"]
[EventCountry "CAN"]

1. e4 e6 2. d4 d5 3. Nc3 Nf6 4. Bg5 Bb4 5. e5 h6 6. Bd2 Bxc3 7. bxc3 Ne4 8. Bd3
Nxd2 9. Qxd2 b6 10. f4 Ba6 11. Nf3 Qe7 12. O-O Bxd3 13. Qxd3 c5 14. c4 dxc4 15.
Qxc4 Nd7 16. c3 O-O 17. a4 cxd4 18. cxd4 Rac8 19. Qb3 Rc7 20. Rfc1 Rfc8 21.
Rxc7 Rxc7 22. Nd2 Qf8 23. Ne4 Qa8 24. Nd6 Qc6 25. g3 Nf8 26. Ra2 Qc1+ 27. Kg2
Rc3 28. Qb2 Qe3 29. Qf2 Qc1 30. Qd2 Qxd2+ 31. Rxd2 Ra3 32. Rc2 Rxa4 33. Rc7 a6
34. Rxf7 Rxd4 35. Ra7 a5 36. Rb7 Rb4 37. Ne8 a4 38. Rxg7+ Kh8 39. Rg4 Nh7 40.
Nf6 Nxf6 41. exf6 Rc4 42. f7 Rc8 43. Rg6 Rf8 44. Rxe6 Kg7 45. Rxb6 Ra8 46. Rb2
Kxf7 47. Kf3 Ke6 48. Ke4 a3 49. Ra2 Ra4+ 50. Kd3 Kf5 51. Kc3 Kg4 52. Kb3 Ra5
53. Rxa3 Rf5 54. Kc4 h5 55. Kd4 Rb5 56. Re3 Rb2 57. Re5 h4 58. Rg5+ Kh3 59. f5
Kxh2 60. gxh4 1-0

[Event "Hiver/Winter op"]
[Site "Montreal CAN"]
[Date "2003.03.01"]
[Round "3"]
[White "Lacroix, Serge"]
[Black "Lawson, Eric"]
[Result "0-1"]
[WhiteElo "2035"]
[BlackElo "2293"]
[PlyCount "90"]
[EventDate "2003.02.28"]
[EventType "swiss"]
[EventRounds "5"]
[EventCountry "CAN"]

1. e4 c5 2. Nf3 Nc6 3. d4 cxd4 4. Nxd4 Nf6 5. Nc3 e5 6. Ndb5 d6 7. Bg5 a6 8.
Na3 b5 9. Nd5 Be7 10. Bxf6 Bxf6 11. c3 Ne7 12. Nc2 Nxd5 13. Qxd5 Ra7 14. Ne3
Bb7 15. Qd3 O-O 16. Be2 Bg5 17. Nd5 g6 18. h4 Bh6 19. g4 Bf4 20. g5 h6 21. Nxf4
exf4 22. gxh6 Qf6 23. f3 Re8 24. O-O-O d5 25. exd5 Re3 26. Qc2 Qe5 27. Bd3 Bxd5
28. Bxg6 fxg6 29. Qxg6+ Kh8 30. Rxd5 Qxd5 31. Rd1 Qg8 32. Qf6+ Kh7 33. Rd8 Rf7
34. Qd4 Qg1+ 35. Kc2 Re2+ 36. Kb3 Qxd4 37. cxd4 Re3+ 38. Kb4 Rxf3 39. Rd6 Re3
40. Rxa6 f3 41. Rb6 f2 42. Rxb5 f1=Q 43. Rc5 Rb7+ 44. Ka5 Re6 45. d5 Qa6# 0-1

[Event "Hiver/Winter op"]
[Site "Montreal CAN"]
[Date "2003.03.02"]
[Round "4"]
[White "Ciobanu, Iurie"]
[Black "Lacroix, Serge"]
[Result "0-1"]
[WhiteElo "1255"]
[BlackElo "2035"]
[PlyCount "42"]
[EventDate "2003.02.28"]
[EventType "swiss"]
[EventRounds "5"]
[EventCountry "CAN"]

1. e4 e5 2. Nf3 Nc6 3. d4 exd4 4. Bc4 Nf6 5. O-O Nxe4 6. Re1 d5 7. Bb5 Be7 8.
Nxd4 Bd7 9. Bxc6 bxc6 10. f3 Nf6 11. Nc3 O-O 12. Kh1 Rb8 13. Qd3 c5 14. Nde2 d4
15. Ne4 Nxe4 16. Qxe4 Re8 17. Qd3 Bd6 18. g3 Qf6 19. b3 Bb5 20. c4 dxc3 21.
Qxc3 Qxc3 0-1

[Event "Hiver/Winter op"]
[Site "Montreal CAN"]
[Date "2003.03.02"]
[Round "5"]
[White "Lacroix, Serge"]
[Black "Forget, Luc"]
[Result "1-0"]
[WhiteElo "2035"]
[BlackElo "1842"]
[PlyCount "95"]
[EventDate "2003.02.28"]
[EventType "swiss"]
[EventRounds "5"]
[EventCountry "CAN"]

1. e4 e5 2. Nf3 Nf6 3. Nxe5 d6 4. Nf3 Nxe4 5. d4 d5 6. Bd3 Bd6 7. O-O O-O 8.
Re1 Bf5 9. c4 c6 10. Nc3 Nxc3 11. bxc3 Bxd3 12. Qxd3 Nd7 13. Rb1 dxc4 14. Qxc4
Nb6 15. Qd3 Be7 16. a4 Bf6 17. a5 Nd7 18. Ba3 c5 19. dxc5 Qxa5 20. Bb4 Qc7 21.
c6 Qxc6 22. Bxf8 Nxf8 23. Nd4 Qd7 24. Qb5 b6 25. Qxd7 Nxd7 26. Re2 Nc5 27. Ra2
Nd7 28. Ra6 h6 29. Rba1 Nc5 30. Rxa7 Re8 31. Ra8 Rxa8 32. Rxa8+ Kh7 33. f3 Ne6
34. Nb5 Be7 35. Kf1 Kg6 36. g3 Bc5 37. Ke2 h5 38. h4 Kf6 39. Ra7 Nd8 40. Nd4 g6
41. Nb3 Ne6 42. Nxc5 bxc5 43. Kd3 g5 44. Kc4 gxh4 45. gxh4 Nf4 46. Kxc5 Ne2 47.
c4 Nf4 48. Ra6+ 1-0

[Event "Pere Noel U2000"]
[Site "Montreal CAN"]
[Date "2002.12.26"]
[Round "1"]
[White "Khodjimatov, Sherzod"]
[Black "Lacroix, Serge"]
[Result "1-0"]
[WhiteElo "2023"]
[BlackElo "1863"]
[Annotator "Incomplete"]
[PlyCount "74"]
[EventDate "2002.12.26"]
[EventType "swiss"]
[EventRounds "5"]
[EventCountry "CAN"]

1. e4 e5 2. Nf3 Nc6 3. Bb5 a6 4. Ba4 Nf6 5. O-O Be7 6. Re1 b5 7. Bb3 d6 8. c3
O-O 9. h3 Nd7 10. d4 Nb6 11. Nbd2 exd4 12. cxd4 d5 13. e5 Bf5 14. Bc2 Qd7 15.
Nf1 Nb4 16. Bxf5 Qxf5 17. Ne3 Qd7 18. a3 Nc6 19. Qc2 Nd8 20. Nf5 Ne6 21. Bd2 c5
22. Nxe7+ Qxe7 23. dxc5 Qxc5 24. Qxc5 Nxc5 25. Be3 Ncd7 26. b3 Rfc8 27. Bd4 Rc6
28. Rac1 Rac8 29. Rxc6 Rxc6 30. Ba1 Rc2 31. Ng5 Nf8 32. Bd4 Nbd7 33. e6 fxe6
34. Nxe6 Nxe6 35. Rxe6 Rd2 36. Bxg7 Nc5 37. Re7 Nxb3 {etc.} 1-0

[Event "Pere Noel U2000"]
[Site "Montreal CAN"]
[Date "2002.12.28"]
[Round "3"]
[White "Vezeau, Patrice"]
[Black "Lacroix, Serge"]
[Result "0-1"]
[WhiteElo "1863"]
[BlackElo "1904"]
[PlyCount "49"]
[EventDate "2002.12.26"]
[EventType "swiss"]
[EventRounds "5"]
[EventCountry "CAN"]

1. d4 Nf6 2. c4 e6 3. Nc3 Bb4 4. e3 O-O 5. Bd3 Qe7 6. Nge2 d5 7. O-O dxc4 8.
Bxc4 e5 9. a3 exd4 10. axb4 dxc3 11. bxc3 Rd8 12. Qb3 Nc6 13. Nd4 Ne5 14. Be2
c6 15. Ba3 Be6 16. Qb2 c5 17. Nxe6 fxe6 18. f4 Neg4 19. Bc4 Re8 20. f5 Qc7 21.
Bxe6+ Kh8 22. Rf4 Nxe3 23. Rh4 Rad8 24. Qe2 Neg4 25. Bb2 0-1

[Event "Pere Noel U2000"]
[Site "Montreal CAN"]
[Date "2002.12.29"]
[Round "4"]
[White "Lacroix, Serge"]
[Black "Morin, Louis"]
[Result "1-0"]
[WhiteElo "1863"]
[BlackElo "1980"]
[PlyCount "123"]
[EventDate "2002.12.26"]
[EventType "swiss"]
[EventRounds "5"]
[EventCountry "CAN"]

1. e4 e5 2. Nf3 d6 3. d4 Nf6 4. Nc3 Nbd7 5. Bc4 Be7 6. O-O O-O 7. Bg5 c6 8. a4
Qc7 9. Qe2 Re8 10. dxe5 Nxe5 11. Nxe5 dxe5 12. Rfd1 Bg4 13. f3 Be6 14. Bxe6
fxe6 15. Be3 Bf8 16. Qc4 Qf7 17. a5 a6 18. Rd3 Qe7 19. Na4 Qb4 20. Qxb4 Bxb4
21. Rb3 Bxa5 22. Rxb7 Reb8 23. Nc5 Bb6 24. Rxa6 Bxc5 25. Bxc5 Rxb7 26. Rxa8+
Kf7 27. Ra7 Rxa7 28. Bxa7 Nd7 29. b4 Ke7 30. Kf2 Kd6 31. Ke3 Kc7 32. Kd3 Kb7
33. Bf2 Ka6 34. Kc4 Kb7 35. Bc5 Ka6 36. Be3 Kb7 37. b5 Kc7 38. Kb4 Kb7 39. c4
Kc7 40. Ka5 Kb7 41. b6 Ka8 42. c5 Kb7 43. Kb4 Ka6 44. Bg5 Nf8 45. Kc3 Kb7 46.
Be7 Nd7 47. Kd2 Ka6 48. Ke3 Kb5 49. g3 Ka6 50. f4 exf4+ 51. gxf4 Kb7 52. Kf3
Kc8 53. Kg4 Kb7 54. Kg5 Ka6 55. h4 Kb7 56. e5 Ka8 57. Bd6 Kb7 58. f5 exf5 59.
Kxf5 Kc8 60. Ke6 Kd8 61. Kf7 g6 62. e6 1-0

[Event "Pere Noel U2000"]
[Site "Montreal CAN"]
[Date "2002.12.30"]
[Round "5"]
[White "Lacroix, Serge"]
[Black "Forget, Luc"]
[Result "1-0"]
[WhiteElo "1983"]
[BlackElo "1863"]
[PlyCount "113"]
[EventDate "2002.12.26"]
[EventType "swiss"]
[EventRounds "5"]
[EventCountry "CAN"]

1. e4 e5 2. Nf3 Nf6 3. Nxe5 d6 4. Nf3 Nxe4 5. d4 d5 6. Bd3 Bd6 7. O-O O-O 8. c4
c6 9. Nc3 Nxc3 10. bxc3 Bg4 11. Rb1 dxc4 12. Bxc4 b6 13. Re1 Nd7 14. Qd3 Bh5
15. Rb2 Bg6 16. Qd1 Qc7 17. h3 Nf6 18. Nh4 Qd7 19. Nxg6 hxg6 20. Qf3 Rfe8 21.
Rbe2 Rxe2 22. Rxe2 Re8 23. Rxe8+ Qxe8 24. Bd2 b5 25. Bb3 a5 26. a4 b4 27. cxb4
axb4 28. g3 Qd7 29. Kg2 Be7 30. Be3 Nd5 31. Bd2 Bf6 32. Qd3 Qf5 33. Qxf5 gxf5
34. Be3 Bd8 35. Kf3 Kf8 36. Bxd5 cxd5 37. Kf4 f6 38. Kxf5 Kf7 39. h4 Bb6 40.
Bd2 Bxd4 41. Bxb4 Bxf2 42. Kf4 g6 43. a5 Ke6 44. a6 Kd7 45. Bc3 g5+ 46. Kf3
gxh4 47. gxh4 Bc5 48. h5 Ke6 49. Kf4 Kf7 50. Kf5 Kg7 51. Bd2 Kf7 52. h6 Bb6 53.
Bc3 d4 54. Bd2 Ba7 55. Ke4 Kg6 56. Kd5 f5 57. Kc6 1-0

[Event "Eric Lawson ben."]
[Site "Montreal CAN"]
[Date "2002.12.21"]
[Round "2"]
[White "Lacroix, Serge"]
[Black "Dominique, Vladimir"]
[Result "0-1"]
[WhiteElo "1881"]
[BlackElo "1832"]
[PlyCount "72"]
[EventDate "2002.12.20"]
[EventType "swiss"]
[EventRounds "4"]
[EventCountry "CAN"]

1. e4 c5 2. Nf3 d6 3. d4 cxd4 4. Nxd4 Nf6 5. Nc3 a6 6. Bg5 e6 7. f4 Nbd7 8. Qf3
Qc7 9. O-O-O b5 10. a3 Rb8 11. Bd3 b4 12. axb4 Rxb4 13. Nde2 Bb7 14. Rhe1 Be7
15. g4 Qb6 16. b3 Nc5 17. Bxf6 Bxf6 18. g5 Bxc3 19. Nxc3 Nxb3+ 20. cxb3 Rxb3
21. Bc2 Ra3 22. Rd3 O-O 23. Nb1 Ra2 24. Rb3 Qc6 25. Qc3 Qd7 26. Rb2 Rc8 27. Qb3
Rxb2 28. Kxb2 Qc7 29. Re3 Bd5 30. Qa3 Qxc2+ 31. Ka1 Rb8 32. Re1 Bxe4 33. Nc3
Rb3 34. Qxb3 Qxb3 35. Nxe4 Qa3+ 36. Kb1 Qb4+ 0-1

[Event "Lanaudiere"]
[Site "Mascouche CAN"]
[Date "2002.10.12"]
[Round "1"]
[White "Soucy, Hermil"]
[Black "Lacroix, Serge"]
[Result "0-1"]
[WhiteElo "1330"]
[BlackElo "1924"]
[PlyCount "54"]
[EventDate "2002.10.12"]
[EventType "swiss"]
[EventRounds "5"]
[EventCountry "CAN"]

1. Nf3 Nf6 2. Nc3 d5 3. d4 c5 4. dxc5 Nc6 5. Bf4 Qa5 6. Qd2 Qxc5 7. e3 a6 8. a3
e6 9. Bd3 Nh5 10. b4 Qe7 11. Bg5 f6 12. Bh4 g5 13. Bg3 Bg7 14. Rd1 Nxg3 15.
fxg3 g4 16. Nd4 f5 17. Nxc6 bxc6 18. Na4 O-O 19. c3 a5 20. Nb6 axb4 21. Nxc8
Rfxc8 22. cxb4 Rxa3 23. O-O Bc3 24. Qc2 Bxb4 25. Bxf5 Rxe3 26. Bxg4 Qc5 27.
Qxc5 Bxc5 0-1

[Event "Granby"]
[Site "Granby CAN"]
[Date "2002.10.06"]
[Round "3"]
[White "Lacroix, Serge"]
[Black "Sauve, Richard"]
[Result "0-1"]
[WhiteElo "1881"]
[BlackElo "1947"]
[PlyCount "59"]
[EventDate "2002.10.05"]
[EventType "swiss"]
[EventRounds "4"]
[EventCountry "CAN"]

1. e4 e6 2. d4 d5 3. Nc3 Nf6 4. Bg5 Bb4 5. e5 h6 6. Bd2 Bxc3 7. bxc3 Ne4 8. Bd3
Nxd2 9. Qxd2 c5 10. f4 Nc6 11. Nf3 Qa5 12. dxc5 Qxc5 13. Nd4 a6 14. Nb3 Qe7 15.
O-O O-O 16. Nd4 Bd7 17. a4 Rac8 18. g4 f6 19. exf6 Qxf6 20. g5 hxg5 21. fxg5
Qe5 22. Rae1 Rxf1+ 23. Bxf1 Nxd4 24. cxd4 Rxc2 25. Qxc2 Qxe1 26. Qg6 Bxa4 27.
Kg2 Qe4+ 28. Qxe4 dxe4 29. Kg3 Kf7 30. Kf4 0-1

[Event "Renaissance "]
[Site "Granby CAN"]
[Date "2002.10.05"]
[Round "2"]
[White "Papineau (Granby), Daniel"]
[Black "Lacroix, Serge"]
[Result "1-0"]
[WhiteElo "1862"]
[BlackElo "1881"]
[PlyCount "87"]
[EventDate "2002.10.05"]
[EventType "swiss"]
[EventRounds "4"]
[EventCountry "CAN"]

1. d4 Nf6 2. c4 e6 3. Nc3 Bb4 4. f3 d5 5. a3 Be7 6. cxd5 exd5 7. Bg5 O-O 8. e3
Nbd7 9. Bd3 Re8 10. Nge2 Nf8 11. O-O Ne6 12. Bh4 b6 13. Qc2 g6 14. Bxf6 Bxf6
15. Nxd5 Bg7 16. Bb5 Rf8 17. Bc6 Rb8 18. Rac1 f5 19. Qc4 Kh8 20. Rfd1 Bh6 21.
Nef4 Nxf4 22. Nxf4 Bxf4 23. exf4 Qd6 24. g3 Be6 25. d5 Bf7 26. Qd4+ Kg8 27. Re1
Rfd8 28. Re5 a6 29. Qa4 a5 30. Qb5 g5 31. Rxf5 gxf4 32. Rxf4 Bxd5 33. Rd4 Bxc6
34. Qg5+ Kh8 35. Rxd6 Rxd6 36. Qe5+ Kg8 37. Rxc6 Rbd8 38. Rxc7 Rg6 39. Qe7 Rd1+
40. Kf2 Rd2+ 41. Kg1 Rd1+ 42. Kg2 Rd2+ 43. Kf1 Rxh2 44. Rc8# 1-0

[Event "Montreal op"]
[Site "Montreal CAN"]
[Date "2002.08.31"]
[Round "1"]
[White "Moore, Ronald"]
[Black "Lacroix, Serge"]
[Result "1-0"]
[WhiteElo "1661"]
[BlackElo "2003"]
[PlyCount "53"]
[EventDate "2002.08.31"]
[EventType "swiss"]
[EventRounds "6"]
[EventCountry "CAN"]

1. e4 e5 2. Bc4 Nf6 3. d4 exd4 4. Nf3 Nxe4 5. Qxd4 Nd6 6. Bg5 f6 7. O-O Nc6 8.
Re1+ Be7 9. Qc3 Nxc4 10. Bxf6 d5 11. Bxg7 Rg8 12. Na3 Nxa3 13. bxa3 d4 14. Nxd4
Nxd4 15. Bxd4 Qd5 16. Bg7 Qg5 17. Rxe7+ Qxe7 18. Bf6 Qd6 19. Re1+ Be6 20. Qh3
Kd7 21. Qxh7+ Kc6 22. Be5 Qd7 23. Qh4 Rg4 24. Qh6 Qd5 25. f3 Qd2 26. Bg3 Rxg3
27. Qxd2 1-0

[Event "Montreal op"]
[Site "Montreal CAN"]
[Date "2002.09.01"]
[Round "4"]
[White "Lacroix, Serge"]
[Black "Ber, Alexandre"]
[Result "1-0"]
[WhiteElo "2003"]
[BlackElo "1391"]
[PlyCount "79"]
[EventDate "2002.08.31"]
[EventType "swiss"]
[EventRounds "6"]
[EventCountry "CAN"]

1. e4 e6 2. d4 d5 3. Nc3 Nf6 4. Bg5 Be7 5. e5 Nfd7 6. Bxe7 Qxe7 7. f4 a6 8. Nf3
O-O 9. Qd2 c5 10. O-O-O Nc6 11. dxc5 Nxc5 12. Nd4 Bd7 13. g4 Rad8 14. Be2 Ne4
15. Nxc6 Bxc6 16. Nxe4 dxe4 17. Qc3 Bd5 18. a3 Rc8 19. Qe3 Rc7 20. Kb1 Rfc8 21.
c4 Bxc4 22. Bxc4 Rxc4 23. Rd4 Qc5 24. Rhd1 g6 25. Qxe4 Rxd4 26. Rxd4 Qc7 27. f5
b6 28. h4 Kf8 29. f6 Qc1+ 30. Ka2 a5 31. h5 Ke8 32. hxg6 hxg6 33. Qb7 Qc7 34.
Qh1 Qc5 35. Qh8+ Qf8 36. Qg7 Qxg7 37. fxg7 Ke7 38. Rc4 Rg8 39. Rc7+ Kd8 40.
Rxf7 1-0

[Event "Montreal op"]
[Site "Montreal CAN"]
[Date "2002.09.02"]
[Round "5"]
[White "Langlais, Daniel"]
[Black "Lacroix, Serge"]
[Result "1/2-1/2"]
[WhiteElo "1614"]
[BlackElo "2003"]
[PlyCount "88"]
[EventDate "2002.08.31"]
[EventType "swiss"]
[EventRounds "6"]
[EventCountry "CAN"]

1. d4 Nf6 2. c4 e6 3. Nc3 Bb4 4. Bg5 h6 5. Bd2 O-O 6. Qc2 c5 7. e3 b6 8. Nf3
Bb7 9. Bd3 d5 10. cxd5 exd5 11. a3 Bxc3 12. Bxc3 c4 13. Bf5 Re8 14. h4 Nbd7 15.
g4 Ne4 16. g5 g6 17. Bxd7 Qxd7 18. O-O-O h5 19. Ne5 Qf5 20. Rh2 a5 21. f3 Nd6
22. Qxf5 Nxf5 23. Re1 Re7 24. e4 Nd6 25. exd5 Bxd5 26. Kd2 Rf8 27. Ra1 Kg7 28.
Ke2 Nf5 29. Kf2 Rb7 30. Rhh1 Ne7 31. Rhe1 Nf5 32. Rh1 Kg8 33. Rh2 Ne7 34. Rhh1
Ra7 35. Kg3 Be6 36. Kf2 Nd5 37. Rhe1 Bf5 38. Re4 Bxe4 39. fxe4 Nxc3 40. bxc3 f6
41. gxf6 Rxf6+ 42. Ke3 Kg7 43. Nxc4 Rc7 44. e5 Rf5 1/2-1/2

[Event "Montreal op"]
[Site "Montreal CAN"]
[Date "2002.09.02"]
[Round "6"]
[White "Ramaswamy, Kishor"]
[Black "Lacroix, Serge"]
[Result "1-0"]
[WhiteElo "2034"]
[BlackElo "2003"]
[PlyCount "74"]
[EventDate "2002.08.31"]
[EventType "swiss"]
[EventRounds "6"]
[EventCountry "CAN"]

1. d4 Nf6 2. Nf3 e6 3. Bg5 c5 4. c3 Qb6 5. Qb3 Qxb3 6. axb3 Ne4 7. Bf4 Nc6 8.
e3 cxd4 9. exd4 Bd6 10. Bxd6 Nxd6 11. Bd3 O-O 12. Nbd2 Ne8 13. O-O d5 14. b4
Nd6 15. Ne5 Nxe5 16. dxe5 Nf5 17. Bxf5 exf5 18. f4 Bd7 19. Nf3 Bb5 20. Rfd1
Rfd8 21. Nd4 Bd7 22. Ra5 Be6 23. Nxe6 fxe6 24. Rda1 a6 25. b5 d4 26. bxa6 bxa6
27. Rxa6 Rxa6 28. Rxa6 dxc3 29. bxc3 Rd1+ 30. Kf2 Rd2+ 31. Kf3 Kf7 32. Ra7+ Kf8
33. h4 h6 34. Rc7 g5 35. hxg5 hxg5 36. g3 gxf4 37. gxf4 Rh2 1-0

[Event "CAN/QC op"]
[Site "Montreal CAN"]
[Date "2002.07.13"]
[Round "1"]
[White "Burnett, Ronald"]
[Black "Lacroix, Serge"]
[Result "1-0"]
[WhiteElo "2404"]
[BlackElo "2038"]
[PlyCount "89"]
[EventDate "2002.07.13"]
[EventType "swiss"]
[EventRounds "9"]
[EventCountry "CAN"]

1. e4 e5 2. Nf3 Nc6 3. Bc4 Nf6 4. d3 Be7 5. c3 d6 6. Bb3 Na5 7. Bc2 c5 8. O-O
Nc6 9. a3 a5 10. a4 O-O 11. Re1 Bg4 12. h3 Be6 13. Na3 Nd7 14. d4 cxd4 15. cxd4
exd4 16. Nb5 Nb4 17. Nfxd4 Nxc2 18. Qxc2 Rc8 19. Qe2 Bc4 20. Qe3 Ne5 21. Rd1 g6
22. b3 Be6 23. Ba3 Qd7 24. Nxd6 Bxd6 25. Nxe6 fxe6 26. Bxd6 Qg7 27. Qd4 Nd7 28.
Qxg7+ Kxg7 29. Bxf8+ Nxf8 30. Rac1 Rb8 31. Rc7+ Kf6 32. h4 g5 33. hxg5+ Kxg5
34. Rc5+ Kf4 35. Re1 b6 36. g3+ Kg4 37. Rb5 Nd7 38. Kg2 Nc5 39. Rh1 h5 40. b4
axb4 41. a5 e5 42. axb6 Nd3 43. Rd5 Nb2 44. Rxe5 Rf8 45. Rh4# 1-0

[Event "CAN/QC op"]
[Site "Montreal CAN"]
[Date "2002.07.14"]
[Round "2"]
[White "Lacroix, Serge"]
[Black "Strojevs, Alexander"]
[Result "1-0"]
[WhiteElo "2038"]
[BlackElo "1815"]
[PlyCount "77"]
[EventDate "2002.07.13"]
[EventType "swiss"]
[EventRounds "9"]
[EventCountry "CAN"]

1. e4 c5 2. Nf3 d6 3. d4 cxd4 4. Nxd4 Nf6 5. Nc3 g6 6. Be3 Bg7 7. Qd2 Nc6 8. f3
O-O 9. Bc4 Bd7 10. O-O-O Ne5 11. Bb3 Qa5 12. Kb1 Rfe8 13. h4 b5 14. Ncxb5 Qxd2
15. Rxd2 Rab8 16. Nc3 Rec8 17. g4 Ne8 18. Nd5 Kf8 19. h5 e6 20. Nc3 Nc4 21.
Bxc4 Rxc4 22. Nce2 Rb7 23. c3 Ra4 24. hxg6 hxg6 25. Bh6 Nf6 26. Bxg7+ Kxg7 27.
Nc2 Ra6 28. Rhd1 Rab6 29. Ne3 Bb5 30. Ng3 Ba6 31. Rh1 d5 32. g5 Nh7 33. f4 dxe4
34. Rdh2 Bd3+ 35. Kc1 Nf8 36. Ng4 a5 37. Nf6 e3 38. Rh8 Rxb2 39. Rg8# 1-0

[Event "CAN/QC op"]
[Site "Montreal CAN"]
[Date "2002.07.15"]
[Round "4"]
[White "Lacroix, Serge"]
[Black "Meng, Fanhao"]
[Result "0-1"]
[WhiteElo "2038"]
[BlackElo "2116"]
[PlyCount "82"]
[EventDate "2002.07.13"]
[EventType "swiss"]
[EventRounds "9"]
[EventCountry "CAN"]

1. e4 e5 2. Nf3 Nc6 3. Bb5 a6 4. Ba4 Nf6 5. O-O b5 6. Bb3 Be7 7. Re1 d6 8. c3
O-O 9. d4 Bg4 10. d5 Na5 11. Bc2 c6 12. dxc6 Nxc6 13. Nbd2 d5 14. h3 Bxf3 15.
Qxf3 d4 16. Nb3 dxc3 17. bxc3 Nd7 18. Be3 Qc7 19. a4 Na5 20. Nxa5 Qxa5 21. Bh6
gxh6 22. Qg4+ Bg5 23. h4 Nf6 24. Qg3 Nh5 25. Qg4 Ng7 26. hxg5 hxg5 27. Bb3 Qxc3
28. Bd5 Rab8 29. axb5 axb5 30. Qxg5 Rb6 31. Rec1 Rg6 32. Qe7 Qf3 33. g3 Rh6 34.
Qxf8+ Kxf8 35. Rc8+ Ne8 36. Rxe8+ Kxe8 37. Ra8+ Ke7 38. Ra7+ Kd8 39. Ra8+ Kc7
40. Ra7+ Kb6 41. Rb7+ Kc5 0-1

[Event "CAN/QC op"]
[Site "Montreal CAN"]
[Date "2002.07.16"]
[Round "5"]
[White "Ouellet-Leveille, Clement"]
[Black "Lacroix, Serge"]
[Result "0-1"]
[WhiteElo "1812"]
[BlackElo "2038"]
[PlyCount "88"]
[EventDate "2002.07.13"]
[EventType "swiss"]
[EventRounds "9"]
[EventCountry "CAN"]

1. e4 e5 2. Nf3 Nc6 3. Bc4 Nf6 4. d4 exd4 5. O-O Nxe4 6. Re1 d5 7. Bxd5 Qxd5 8.
Nc3 Qa5 9. Nxe4 Be6 10. Neg5 O-O-O 11. Nxe6 fxe6 12. Rxe6 Bd6 13. Bg5 Rde8 14.
Qe1 Qxe1+ 15. Raxe1 Kd7 16. Rxe8 Rxe8 17. Rxe8 Kxe8 18. Kf1 Kf7 19. Ke2 Ke6 20.
Kd3 Kd5 21. Bd2 Ne5+ 22. Nxe5 Bxe5 23. f4 Bd6 24. h4 h5 25. c4+ dxc3 26. Bxc3
g6 27. Ke3 b5 28. Kf3 Be7 29. g3 c5 30. Ke3 b4 31. Be5 c4 32. Bg7 Bc5+ 33. Ke2
Ke4 34. Be5 Bb6 35. Bf6 a5 36. Be5 a4 37. Bf6 Bd4 38. Bxd4 Kxd4 39. Kd2 c3+ 40.
bxc3+ bxc3+ 41. Kc2 a3 42. g4 hxg4 43. f5 gxf5 44. h5 Ke5 0-1

[Event "CAN/QC op"]
[Site "Montreal CAN"]
[Date "2002.07.17"]
[Round "6"]
[White "Lacroix, Serge"]
[Black "Ponce, Michel"]
[Result "1-0"]
[WhiteElo "2038"]
[BlackElo "1515"]
[PlyCount "41"]
[EventDate "2002.07.13"]
[EventType "swiss"]
[EventRounds "9"]
[EventCountry "CAN"]

1. e4 c5 2. Nf3 d6 3. d4 cxd4 4. Nxd4 Nf6 5. Nc3 g6 6. Be3 Bg7 7. f3 O-O 8. Qd2
Nc6 9. Bc4 a6 10. Bb3 h5 11. h4 Qc7 12. O-O-O Ne5 13. Kb1 b5 14. Bg5 Bb7 15.
Bh6 Rac8 16. Bxg7 Kxg7 17. Qg5 Rh8 18. Nf5+ Kf8 19. Nxd6 Nc4 20. Nxc8 Nxb2 21.
Kxb2 1-0

[Event "CAN/QC op"]
[Site "Montreal CAN"]
[Date "2002.07.18"]
[Round "7"]
[White "Jones, Christopher"]
[Black "Lacroix, Serge"]
[Result "1/2-1/2"]
[WhiteElo "1545"]
[BlackElo "2038"]
[PlyCount "49"]
[EventDate "2002.07.13"]
[EventType "swiss"]
[EventRounds "9"]
[EventCountry "CAN"]

1. Nf3 Nf6 2. g3 b6 3. Bg2 Bb7 4. d3 d5 5. Nbd2 c5 6. O-O e6 7. Re1 Nbd7 8. e4
dxe4 9. dxe4 e5 10. c3 Be7 11. Qc2 Qc7 12. b3 O-O 13. Nh4 g6 14. Nf1 Rfd8 15.
Bg5 Kg7 16. Rad1 Nf8 17. Ne3 h6 18. Bxf6+ Bxf6 19. Nd5 Bxd5 20. exd5 Rac8 21.
Bh3 Rb8 22. Nf3 c4 23. bxc4 Qxc4 24. Nxe5 Bxe5 25. Rxe5 1/2-1/2

[Event "CAN/QC op"]
[Site "Montreal CAN"]
[Date "2002.07.19"]
[Round "8"]
[White "Lacroix, Serge"]
[Black "Benen, Samson"]
[Result "0-1"]
[WhiteElo "2038"]
[BlackElo "2256"]
[PlyCount "82"]
[EventDate "2002.07.13"]
[EventType "swiss"]
[EventRounds "9"]
[EventCountry "CAN"]

1. e4 e5 2. Nf3 Nc6 3. Bb5 a6 4. Ba4 d6 5. O-O Nge7 6. d4 Bd7 7. dxe5 dxe5 8.
Bg5 h6 9. Be3 Ng6 10. Nc3 Bd6 11. Nd5 O-O 12. Bb3 Bg4 13. h3 Be6 14. c4 Re8 15.
Qd2 Qc8 16. Kh2 Nd4 17. Ng1 Qd8 18. Rac1 c6 19. c5 Nxb3 20. axb3 cxd5 21. exd5
e4+ 22. Kh1 Bf4 23. Bxf4 Qxd5 24. b4 Rad8 25. Qxd5 Bxd5 26. Bd6 Nh4 27. Kh2 e3
28. g3 Nf5 29. Bf4 e2 30. Rfe1 g5 31. Bd2 Bc6 32. Bc3 Nd4 33. g4 Bb5 34. Kg3
Nb3 35. Rc2 Bd3 36. Rd2 Nxd2 37. Bxd2 Bb5 38. Be3 Rd1 39. Nf3 Red8 40. Ne5 Rxe1
41. Nf3 Red1 0-1

[Event "CAN/QC op"]
[Site "Montreal CAN"]
[Date "2002.07.20"]
[Round "9"]
[White "Johnson, Kyle"]
[Black "Lacroix, Serge"]
[Result "0-1"]
[WhiteElo "1815"]
[BlackElo "2038"]
[PlyCount "74"]
[EventDate "2002.07.13"]
[EventType "swiss"]
[EventRounds "9"]
[EventCountry "CAN"]

1. f4 g6 2. e4 e5 3. Nf3 d6 4. Nc3 Bg7 5. Bc4 Nh6 6. O-O Nc6 7. d3 Bg4 8. h3
Bxf3 9. Qxf3 O-O 10. f5 Nd4 11. Qg3 d5 12. Nxd5 Ne2+ 13. Kh2 Nxg3 14. Kxg3 c6
15. Nc3 b5 16. Bb3 b4 17. Ne2 gxf5 18. exf5 Re8 19. f6 Bf8 20. Kh2 Re6 21. Bxe6
fxe6 22. g4 e4 23. dxe4 Bd6+ 24. Kh1 Nf7 25. Be3 Be5 26. g5 Qc7 27. Rg1 Nh8 28.
h4 Bxb2 29. Raf1 Kf7 30. h5 c5 31. Nf4 Rg8 32. Rd1 Bd4 33. Bxd4 Qxf4 34. Bf2
Qf3+ 35. Kh2 Qxh5+ 36. Kg2 Rxg5+ 37. Bg3 Qe2+ 0-1